000 00961nam a2200289 i 4500
003 CO-BoRNBP
005 20220317000618.0
007 ta
008 200326s2003 ck a gr 000 0 spa d
020 _a9582814861
040 _aCO-BoRNBP
_bspa
_erda
_cCO-BoRNBP
041 0 _aspa
082 0 4 _a100
_bP12f
_223
100 1 _aPáez, Ciro Alonso
_eautor
245 1 0 _aFilosofía
_borígenes, lenguaje y pensamiento, fe y razón, filosofía y ciencia, filosofía y poder
_cCiro Alonso Páez
264 1 _aBogotá, Colombia
_bIntermedio
_c2003
300 _a371 páginas
_bilustraciones
_c24 cm
336 _atexto
_btxt
_2rdacontent
337 _asin mediación
_bn
_2rdamedia
338 _avolumen
_bnc
_2rdacarrier
490 0 _aBiblioteca de humanidades para todos
650 1 7 _aFilosofía
_xEnseñanza elemental
_2ARMARC
650 1 7 _aFilosofía y religión
_2ARMARC
650 1 7 _aFilosofía
_xHistoria
_2ARMARC
650 1 7 _aFilósofos
_2ARMARC
942 _2loc
_cBK
999 _c4555
_d4555